000 00641cam a2200145 4500500
005 20260208010620.0
041 _afre
042 _adc
100 1 0 _aVaysse, Jean-Marie
_eauthor
245 0 0 _aJ. G. Fichte, Doctrine de la science. Exposé de 1812, traduction, présentation et notes par Isabelle Thomas-Fogiel, Paris, PUF, 2005, coll. « Épiméthée », 215 p., 24 E.
260 _c2007.
500 _a35
786 0 _nRevue philosophique de la France et de l'étranger | 132 | 2 | 2007-06-01 | p. 201zq-265zq | 0035-3833
856 4 1 _uhttps://shs.cairn.info/revue-philosophique-2007-2-page-201zq?lang=fr&redirect-ssocas=7080
999 _c1657382
_d1657382